Estudio general sobre las bellas letras / (Record no. 161741)

MARC details
000 -LEADER
campo de control de longitud fija 00741nam a22001935i 4500
001 - NÚMERO DE CONTROL
campo de control 161741
003 - IDENTIFICADOR DE NÚMERO DE CONTROL
campo de control ES-MaACL
005 - FECHA Y HORA DE LA ÚLTIMA TRANSACCIÓN
campo de control 20250802062538.0
008 - DATOS DE LONGITUD FIJA--INFORMACIÓN GENERAL
campo de control de longitud fija 041025m18791886uy |||| | spa d
040 ## - FUENTE DE CATALOGACIÓN
Centro catalogador/agencia de origen CAM
Lengua de catalogación spa
Centro/agencia transcriptor CAM
100 1# - ENTRADA PRINCIPAL--NOMBRE DE PERSONA
Nombre de persona Pereira, Antonio N.
9 (RLIN) 130999
245 10 - MENCIÓN DEL TÍTULO
Título Estudio general sobre las bellas letras /
Mención de responsabilidad, etc. por Antonio N. Pereira.
260 ## - PUBLICACIÓN, DISTRIBUCIÓN, ETC.
Lugar de publicación, distribución, etc. Montevideo :
Nombre del editor, distribuidor, etc. [s.n.],
Fecha de publicación, distribución, etc. 1879-1886 (
Fabricante Tipografía Renaud Reynaud)
300 ## - DESCRIPCIÓN FÍSICA
Extensión 2 v. (560; 507 p.) ;
Dimensiones 20 cm.
596 ## - NOTA AL PIE DE IMPRENTA
NOTA AL PIE DE IMPRENTA El imp. del t.II es Imprenta á vapor y Encuadernacion de El Laurak-Bat.
650 #7 - PUNTO DE ACCESO ADICIONAL DE MATERIA--TÉRMINO DE MATERIA
Término de materia o nombre geográfico como elemento de entrada Literatura
Fuente del encabezamiento o término embne
9 (RLIN) 141583
852 ## - LOCALIZACIÓN
Ubicación ES-MaACL
Número de control de estantería G-7137-7138
Nota libre -- Enc. pasta española
-- -- Dedicatoria ms. del autor al Ateneo de Madrid
Holdings
Estatus retirado Estado de pérdida Estado de daño No para préstamo Colección Biblioteca de origen Biblioteca actual Ubicación en estantería Fecha de adquisición Fuente de adquisición Total de préstamos Signatura topográfica completa Código de barras Visto por última vez Precio de reemplazo Tipo de ítem Koha
        Libros del s. XIX Biblioteca del Ateneo de Madrid Biblioteca del Ateneo de Madrid Depósito 2 17/01/2008     G-7137-7138 1169425 23/02/2023 23/02/2023 Libro impreso antiguo